Statistics for Capital Cities

Click here to take the quiz!

General Stats

  • This quiz has been taken 1,581 times
    (1,377 since last reset)
  • The average score is 20 of 30

Answer Stats

HintAnswer% Correct
United KingdomLondon
97%
FranceParis
97%
SpainMadrid
95%
RussiaMoscow
95%
JapanTokyo
95%
United StatesWashington
95%
GermanyBerlin
94%
ChinaBeijing
91%
EgyptCairo
89%
AustraliaCanberra
87%
PortugalLisbon
87%
NorwayOslo
85%
South KoreaSeoul
80%
CanadaOttawa
76%
UkraineKiev
75%
JamaicaKingston
75%
PeruLima
70%
ColombiaBogota
56%
BelarusMinsk
54%
EthiopiaAddis Ababa
47%
EstoniaTallinn
46%
LithuaniaVilnius
44%
MacedoniaSkopje
41%
SloveniaLjubljana
39%
TrinidadPort-of-Spain
31%
RwandaKigali
29%
EritreaAsmara
24%
TogoLome
24%
CameroonYaounde
24%
TuvaluFunafuti
19%

Score Distribution

Percentile by Number Answered

Percent of People with Each Score

Your Score History

You have not taken this quiz since the last reset